00438cam a2200169ua 45000010005000000080039000050200018000440400009000620820008000711000032000792450039001112500009001502600038001593000017001976530018002146530036002323010110921n ii |||gr||||Z||||||asm a81-85905-27-4 cMAIN a9201 aBorgohain, Homen ,eAuthor.11aAatmanusandhancby Homen Borgohain a1st. aGuahati:bStudents stores,c2000. a452p:c23cm. aAutobiography aAutobiography of Aatmanusandhan